| 000 | 00000nam 2200000zi 4500 |
| 001 | 9.871156 |
| 003 | CaOODSP |
| 005 | 20221107163320 |
| 006 | m o d f |
| 007 | cr ||||||||||| |
| 008 | 190404t20192019onca #o f000 0 fre d |
| 020 | |a9780660304090 |
| 040 | |aCaOODSP|bfre|erda|cCaOODSP |
| 043 | |an-cn--- |
| 086 | 1 |aFA1-27/2019-1-5F-PDF |
| 110 | 1 |aCanada. |bBureau du vérificateur général. |
| 245 | 10|aÉquiper les agentes et agents de la Gendarmerie royale du Canada. |
| 264 | 1|a[Ottawa] : |bBureau du vérificateur général du Canada = Office of the Auditor General of Canada, |c2019. |
| 264 | 4|c©2019 |
| 300 | |a1 ressource en ligne (iii, 24 pages) : |billustrations. |
| 336 | |atexte|btxt|2rdacontent/fre |
| 337 | |ainformatique|bc|2rdamedia/fre |
| 338 | |aressource en ligne|bcr|2rdacarrier/fre |
| 490 | 1 |aRapports du vérificateur général du Canada au Parlement du Canada, |x2561-3456 ; |vPrintemps 2019, rapport 5 |
| 500 | |aPublié aussi en format HTML. |
| 500 | |aPublié aussi en anglais sous le titre : Equipping officers of the Royal Canadian Mounted Police. |
| 520 | |a« L’audit visait à déterminer si la GRC avait doté ses agents de gilets pare-balles rigides et d’armes semi-automatiques appelées carabines. Cet équipement permet essentiellement de protéger les agents qui doivent neutraliser un tireur actif. L’audit a aussi porté sur la formation des agents au maniement des carabines et des pistolets, ainsi que sur l’entretien de ces armes à feu » -- Objet de l'audit, page 1. |
| 530 | |aÉgalement publié en version imprimée. |
| 692 | 07|2gccst|aService de police |
| 692 | 07|2gccst|aÉquipement |
| 692 | 07|2gccst|aVérification |
| 775 | 08|tEquipping officers of the Royal Canadian Mounted Police.|w(CaOODSP)9.871045 |
| 776 | 0#|tÉquiper les agentes et agents de la Gendarmerie royale du Canada.|w(CaOODSP)9.871238 |
| 830 | #0|aRapports du vérificateur général du Canada au Parlement du Canada,|x2561-3456 ; |vPrintemps 2019, rapport 5.|w(CaOODSP)9.846693 |
| 856 | 40|qPDF|s748 Ko|uhttps://publications.gc.ca/collections/collection_2019/bvg-oag/FA1-27-2019-1-5-fra.pdf |
| 856 | 4 |qHTML|sS.O.|uhttp://www.oag-bvg.gc.ca/internet/Francais/parl_oag_201905_05_f_43342.html |